LEADER 01706nam a2200229 i 4500 001 000000030333 003 CaOOAMICUS 005 20200708172229.0 008 180830s1742 xxk u000 u lat u 040 $aSeMil$bita 100 0 $aPhilo : Alexandrinus ,$d.$0(OLS)http://semarc/name/1002 245 10$aPhilonos tou Ioudaiou ta Euriskomena apanta. Philonis Judaei Opera quae reperiri potuerunt omnia. Textum cum mss. contulit, quamplurima etiam e codd. Vaticano, Mediceo, & Bodleiano, scriptoribus item vetustis, necnon catenis Graecis ineditis, ... illustravit Thomas Mangey, .. 264 1$a[London] :$bTypis Gulielmi Bowyer : prostant venales apud Gulielmum Innys, in area occidentali Divi Pauli; & Carolum Bathurst, ex adversum Sancti Dunstani in Fleet-street,$c1742. 300 $a2 v. ;$cfol. 700 1 $aMangey, Thomas,$d<1688-1755>.$0(OLS)http://semarc/name/13928 700 1 $aInnys, William,$c.$0(OLS)http://semarc/name/13929 700 1 $aBowyer, William$b<1.,$cEditore,$d1699-1777>.$0(OLS)http://semarc/name/13930 774 0 $tVol. 1.$w()105210 774 0 $tVol. 2.$w()231944 996 $6245$aPhilonos tou Ioudaiou ta Euriskomena apanta. Philonis Judaei Opera quae reperiri potuerunt omnia. Textum cum mss. contulit, quamplurima etiam e codd. Vaticano, Mediceo, & Bodleiano, scriptoribus item vetustis, necnon catenis Graecis ineditis, ... illustravit Thomas Mangey, ..$9(OLS)http://semarc/title/41278 996 $6264$a[London] :$bTypis Gulielmi Bowyer : prostant venales apud Gulielmum Innys, in area occidentali Divi Pauli; & Carolum Bathurst, ex adversum Sancti Dunstani in Fleet-street$9(OLS)http://semarc/publisher/38488 LEADER 00564nab a2200145 i 4500 001 000000268889 003 CaOOAMICUS 005 20080515000000.0 008 080515n xx uu u0 0und r 013 $a14485 040 $aSeMil$bita 245 13$aLe Acli entrano nel 21. secolo. - 16 p. - Titolo principale dalla prima pagina. 500 $a11 maggio 2008. 773 0 $t[2008 : Gennaio-Giugno].$dBologna : Centro Editoriale Dehoniano, 2008.$w()169052 996 $6245$aLe Acli entrano nel 21. secolo. - 16 p. - Titolo principale dalla prima pagina.$9(OLS)http://semarc/title/358917